Estadísticas para Aeropuertos más Activos del Mundo

Haz click aquí para intentar la prueba.

Estadísticas generales

  • Esta prueba ha sido intentada 3.617 veces
    (1.187 desde el último reinicio)
  • La puntuación promedio es 28 de 50

Estadísticas de respuestas

#Ciudad% Correcto
50,6 MMadrid
98%
29,2 MParís (Orly)
96%
55,3 MNueva York (JFK)
95%
29,0 MNueva York (LaGuardia)
95%
43,6 MNueva York (Newark)
95%
32,8 MLondres (Gatwick)
94%
61,6 MLondres (Heathrow)
94%
57,5 MParís (CDG)
91%
29,3 MRoma
89%
41,6 MBarcelona
88%
65,9 MLos Ángeles
87%
50,3 MTokio
87%
31,7 MFort Lauderdale
76%
50,7 MMiami
76%
46,3 MCiudad de México
71%
29,1 MSídney
70%
68,3 MChicago
65%
34,5 MSão Paulo
64%
52,5 MÁmsterdam
63%
59,5 MDelhi
62%
42,2 MSan Francisco
61%
62,3 MEstambul (Estambul)
60%
30,8 MEstambul (Sabiha Gökçen)
60%
66,1 MDubai
58%
93,7 MAtlanta
56%
36,4 MToronto
56%
35,4 MBogotá
54%
73,4 MDallas
54%
48,9 MFráncfort
53%
36,1 MBoston
51%
41,0 MHouston
51%
31,6 MMúnich
51%
32,2 MSingapur
46%
28,8 MBangkok
45%
52,7 MLas Vegas
44%
46,0 MSeattle
43%
38,8 MYakarta
43%
35,7 MDoha
42%
38,3 MBombay
37%
69,4 MDenver
37%
50,2 MOrlando
37%
30,3 MManila
36%
44,4 MPhoenix
28%
30,5 MCancún
22%
47,8 MCharlotte
17%
30,6 MMineápolis
16%
34,3 MCiudad Ho Chi Minh
12%
31,6 MYeda
7%
31,2 MAntalya
6%
29,7 MJeju
5%

Distribución de puntuación

Porcentaje por número respondido

Porcentaje de gente con cada puntuación

Historial de tus puntuaciones

No has intentado esta prueba desde el último reinicio